[Event "Manresa op"]
[Site "Manresa"]
[Date "1996.??.??"]
[Round "6"]
[White "Cherto Serra, Adolfo"]
[Black "Garcia Cano, Antonio"]
[Result "1/2-1/2"]
[WhiteElo "2080"]
[BlackElo "2310"]
[PlyCount "36"]
[EventDate "1996.??.??"]
[EventType "swiss"]
[EventRounds "9"]
[EventCountry "ESP"]
[SourceTitle "EXT 1998"]
[Source "ChessBase"]
[SourceDate "1997.11.17"]
[SourceVersion "1"]
[SourceVersionDate "1997.11.17"]
[SourceQuality "1"]

1. e4 e5 2. Nf3 d6 3. d4 Nf6 4. Bd3 exd4 5. Nxd4 g6 6. c4 Bg7 7. Nc3 0-0 8. Bc2 Nc6 9. Bg5 h6 10. Nxc6 bxc6 11. Bh4 Be6 12. Qd3 Qb8 13. f4 Qb4 14. Bxf6 Bxc4 15. Qg3 Bxf6 16. e5 dxe5 17. f5 Qxb2 18. Ne4 Qxa1+ 1/2-1/2